King Abdul Aziz : (Record no. 3105)

MARC details
000 -LEADER
fixed length control field 00823nam a2200229 ar4500
001 - CONTROL NUMBER
control field 3107
005 - DATE AND TIME OF LATEST TRANSACTION
control field 20221127090658.0
008 - FIXED-LENGTH DATA ELEMENTS--GENERAL INFORMATION
fixed length control field 130218s su 00010beng d
020 ## - INTERNATIONAL STANDARD BOOK NUMBER
International Standard Book Number 9786030056712(pbk)
082 04 - DEWEY DECIMAL CLASSIFICATION NUMBER
Classification number 923.1538
Item number J47 2010.
100 1# - MAIN ENTRY--PERSONAL NAME
Personal name Al Jeraisy, Khalid Ibn Abdul Rahman.
245 10 - TITLE STATEMENT
Title King Abdul Aziz :
Remainder of title noble character /
Statement of responsibility, etc. Khaled Al-Jeraisy ; translated by Mohamed Atif Mohamed.
250 ## - EDITION STATEMENT
Edition statement 2nd ed.
260 ## - PUBLICATION, DISTRIBUTION, ETC.
Place of publication, distribution, etc. Riyadh :
Name of publisher, distributor, etc. K. A. Al-Jeraisy,
Date of publication, distribution, etc. 2010.
300 ## - PHYSICAL DESCRIPTION
Extent 261 p. ;
Dimensions 24 cm
504 ## - BIBLIOGRAPHY, ETC. NOTE
Bibliography, etc. note Includes bibl. references.
600 04 - SUBJECT ADDED ENTRY--PERSONAL NAME
Personal name Abdul Aziz Ibn Abdul Rahman Al Saud
Form subdivision Biography.
600 04 - SUBJECT ADDED ENTRY--PERSONAL NAME
Personal name Abdul Aziz Ibn Abdul Rahman Al Saud,
Titles and other words associated with a name King of Saudia.
651 #4 - SUBJECT ADDED ENTRY--GEOGRAPHIC NAME
Geographic name Saudi Arabia
General subdivision Kings and rulers.
651 #4 - SUBJECT ADDED ENTRY--GEOGRAPHIC NAME
Geographic name Saudi Arabia
General subdivision History
Chronological subdivision 20th century.
700 0# - ADDED ENTRY--PERSONAL NAME
Personal name Mohamed, Mohamed Atif Mogahed,
Relator term tr.
Holdings
Withdrawn status Lost status Source of classification or shelving scheme Damaged status Not for loan Home library Current library Date acquired Total Checkouts Full call number Barcode Date last seen Copy number Price effective from Koha item type
              11/27/2022   923.1538 J47 2010. 1000000010731 11/27/2022 C3 11/27/2022 Book
          CENTRAL CENTRAL 11/27/2022   923.1538 J47 2010. 1000000008523 11/27/2022 C1 11/27/2022 Book
          KHOBAR KHOBAR 11/27/2022   923.1538 J47 2010. 1000000008522 11/27/2022 C2 11/27/2022 Book